000
00324 a2200157 4500
001
58269
020
_a
040
_c
Anchieta - Pituba
100
_a
Nóbrega, Francisco
240
1
0
_a
Temos um pouco
_l
por
245
1
0
_a
Temos um pouco
300
_a
115
362
0
_a
1984
650
4
_a
Ficção brasileira
942
_c
BK
999
_c
58269
_d
58269